000 00653nam a2200241 a 4500
001 000006412
005 20200929153928.0
008 930414s1998 mx b 000 e spa d
020 _a9681903951
040 _aDO-SdBNP
_bSPA
_cBNPHU
082 _aM864.44
_bF954e
100 1 _aFuentes, Carlos,
_d1928-
_99774
245 1 3 _aEl espejo enterrado /
_cCarlos Fuentes.
260 _aMéxico :
_bTaurus,
_c1998.
300 _a590 p. ;
_c19 cm.
490 1 _aBolsillo
650 4 _aEnsayos mexicanos
_91921
650 4 _aLiteratura mexicana
_91922
600 1 4 _aESPAÑA
_xCIVILIZACIÓN
_917820
830 0 _aBolsillo
_911479
910 _aWM
049 _aBNGR
999 _c6207
_d6207